<?xml version="1.0" encoding="UTF-8"?>
<record
    xmlns:xsi="http://www.w3.org/2001/XMLSchema-instance"
    xsi:schemaLocation="http://www.loc.gov/MARC21/slim http://www.loc.gov/standards/marcxml/schema/MARC21slim.xsd"
    xmlns="http://www.loc.gov/MARC21/slim">

  <leader>00824nam a2200229Ia 4500</leader>
  <controlfield tag="008">210303s9999    xx            000 0 und d</controlfield>
  <datafield tag="016" ind1=" " ind2=" ">
    <subfield code="2">retro2022</subfield>
  </datafield>
  <datafield tag="020" ind1=" " ind2=" ">
    <subfield code="a">9780210725</subfield>
  </datafield>
  <datafield tag="040" ind1=" " ind2=" ">
    <subfield code="a">NLN</subfield>
    <subfield code="b">English</subfield>
  </datafield>
  <datafield tag="050" ind1=" " ind2=" ">
    <subfield code="a">PL8824.O35</subfield>
    <subfield code="b">L788</subfield>
  </datafield>
  <datafield tag="082" ind1=" " ind2=" ">
    <subfield code="a">896.3333 </subfield>
  </datafield>
  <datafield tag="100" ind1=" " ind2=" ">
    <subfield code="a">OGUNDEJI, Philip Adeotun</subfield>
    <subfield code="e">aut</subfield>
    <subfield code="9">23335</subfield>
  </datafield>
  <datafield tag="245" ind1=" " ind2="0">
    <subfield code="a">LIY 242 :</subfield>
    <subfield code="b">introduction to Yoruna written literature ifaara si litirese : apileko Yoruba /</subfield>
    <subfield code="c">Adeotun Philip Ogundeji</subfield>
  </datafield>
  <datafield tag="260" ind1=" " ind2=" ">
    <subfield code="a">Ibadan, Oyo state :</subfield>
    <subfield code="b">The department of Adult Education, University of Ibadan,</subfield>
    <subfield code="c">1992</subfield>
  </datafield>
  <datafield tag="300" ind1=" " ind2=" ">
    <subfield code="a">x, 171p. :</subfield>
    <subfield code="b">ill, ; 23cm.</subfield>
  </datafield>
  <datafield tag="440" ind1=" " ind2=" ">
    <subfield code="a">Ibadan External Studies Programme Series</subfield>
    <subfield code="9">23336</subfield>
  </datafield>
  <datafield tag="500" ind1=" " ind2=" ">
    <subfield code="a">includes bibliographicl references. includes text in Yoruba Language</subfield>
  </datafield>
  <datafield tag="563" ind1=" " ind2=" ">
    <subfield code="a">(pbk)</subfield>
  </datafield>
  <datafield tag="650" ind1=" " ind2=" ">
    <subfield code="a">Yoruba Literature</subfield>
    <subfield code="9">21667</subfield>
  </datafield>
  <datafield tag="942" ind1=" " ind2=" ">
    <subfield code="c">BK</subfield>
  </datafield>
  <datafield tag="942" ind1=" " ind2=" ">
    <subfield code="n">0</subfield>
  </datafield>
  <datafield tag="999" ind1=" " ind2=" ">
    <subfield code="c">11607</subfield>
    <subfield code="d">11607</subfield>
  </datafield>
  <datafield tag="952" ind1=" " ind2=" ">
    <subfield code="0">0</subfield>
    <subfield code="1">0</subfield>
    <subfield code="2">lcc</subfield>
    <subfield code="4">0</subfield>
    <subfield code="7">0</subfield>
    <subfield code="a">IBA</subfield>
    <subfield code="b">MAIN</subfield>
    <subfield code="d">2021-03-04</subfield>
    <subfield code="l">0</subfield>
    <subfield code="o">PL8824.O35 L788</subfield>
    <subfield code="p">2024-555555550995533</subfield>
    <subfield code="r">2021-03-04 00:00:00</subfield>
    <subfield code="w">2021-03-04</subfield>
    <subfield code="y">BK</subfield>
  </datafield>
</record>
